000 00414nam a2200157Ia 4500
005 20250612022531.0
008 240331s9999 xx 000 0 und d
020 _a9559302019
082 _bKUL
_a322
100 _aKularatne, P
245 0 _aPremadas gathanayen pasu
260 _aRajagiriya
_bDiyasa publishers
_c1994
300 _a125 p .,
500 _aA Book of After the Assis nation of Premadasa
942 _cL
999 _c2379
_d2379